Modelo de gestión de recursos en un centro de distribución de producto terminado
Guardat en:
| Autor principal: | |
|---|---|
| Format: | Llibre |
| Publicat: |
[San José, Costa Rica]
2009
|
| Matèries: | |
| Etiquetes: |
Afegir etiqueta
Sense etiquetes, Sigues el primer a etiquetar aquest registre!
|
MARC
| LEADER | 00000nam a2200000Ia 4500 | ||
|---|---|---|---|
| 003 | 001500 | ||
| 005 | 20221231144043.0 | ||
| 008 | 140114s2009 cr a 000 ||s d | ||
| 040 | |c cru CEDI | ||
| 090 | |a TFG 6017 | ||
| 100 | |a Di Palma Carter, Paola |9 3453 | ||
| 245 | |a Modelo de gestión de recursos en un centro de distribución de producto terminado | ||
| 260 | |c 2009 |b [San José, Costa Rica] | ||
| 300 | |a 101 hojas; ilustraciones a color | ||
| 500 | |a Tesis (licenciatura en ingeniería industrial)--Universidad de Costa Rica. Facultada de Ingeniería. Escuela de Ingeniería Industrial | ||
| 650 | |x COCA-COLA FEMSA DE COSTA RICA |x ADMINISTRACION |x PRODUCCION |x GESTION INDUSTRIAL |9 3454 | ||
| 942 | |c TFG | ||
| 999 | |c 16211 |d 16211 | ||
